LIBRARY & INFORMATION CENTRE, KCAET, TAVANUR

ONLINE PUBLIC ACCESS CATALOGUE (OPAC)

Basic statistics / (Record no. 9883)

MARC details
000 -LEADER
fixed length control field 00356cam a2200145ua 4500
020 ## - INTERNATIONAL STANDARD BOOK NUMBER
ISBN 9788122424720
082 ## - DEWEY DECIMAL CLASSIFICATION NUMBER
Classification number 519.5
Item number AGA/BA
100 ## - MAIN ENTRY--AUTHOR NAME
Personal name Agarwal, B.L .
245 ## - TITLE STATEMENT
Title Basic statistics /
250 ## - EDITION STATEMENT
Edition statement 2 /
260 ## - PUBLICATION, DISTRIBUTION, ETC. (IMPRINT)
Place of publication New Delhi :
Name of publisher Wiley Eastern Ltd ,
Year of publication 1994.
300 ## - PHYSICAL DESCRIPTION
Number of Pages 751 ; .
500 ## - GENERAL NOTE
General note 18487, 18488,18877, 18875, 18876 CSS
942 ## - ADDED ENTRY ELEMENTS (KOHA)
Koha item type Books
Holdings
Withdrawn status Lost status Damaged status Home library Current library Shelving location Date acquired Full call number Accession Number Koha item type Collection code
      KAUAET     07/04/2012 519.5 18487 Books  
      KAUAET KAUAET Scheme 07/04/2012 519.5 AGA/BA 18875 Book Bank scheme for SC students  
      KAUAET KAUAET   07/04/2012 519.5 AGA/BA 18488 Books  
      KAUAET KAUAET Scheme 07/04/2012 519.5 18877 Book Bank scheme for SC students  
      KAUAET KAUAET Scheme 07/04/2012 519.5 AGA/BA 18876 Book Bank scheme for SC students  
      KAUAET KAUAET General Stacks 07/05/2012 519.5 AGA/BA 22286 Books Non-fiction
      KAUAET KAUAET General Stacks 07/05/2012 519.5 AGA/BA 22287 Books Non-fiction
      KAUAET KAUAET General Stacks 07/05/2012 519.5 AGA/BA 22288 Books Non-fiction
      KAUAET KAUAET General Stacks 07/05/2012 519.5 AGA/BA 22289 Books Non-fiction
      KAUAET KAUAET General Stacks 07/05/2012 519.5 AGA/BA 22290 Books Non-fiction
      KAUAET KAUAET General Stacks 07/05/2012 519.5 AGA/BA 22291 Books Non-fiction
      KAUAET KAUAET General Stacks 07/05/2012 519.5 AGA/BA 22292 Books Non-fiction
      KAUAET KAUAET General Stacks 07/05/2012 519.5 AGA/BA 22293 Books Non-fiction
      KAUAET KAUAET General Stacks 07/05/2012 519.5 AGA/BA 22294 Books Non-fiction
      KAUAET KAUAET General Stacks 07/05/2012 519.5 AGA/BA 22295 Books Non-fiction
free website counter